000 00668nam a2200253Ia 4500
003 OSt
005 20221006151008.0
006 a|||||r|||| 00| 0
007 ta
008 221006b |||||||| |||| 00| 0 jpn d
024 _a20,575
037 _bGift, Japan Foundation
_cTextual
040 _aEASL
_cEASL
_bjpn
041 _2jpn
_ajpn
082 _aW:1942, M5
100 _aSATO Isao
_9657261
245 0 _aHikaku seiji seido
260 _aTokyo
_bDaigaku Shuppan Kai Japan
_c1985
300 _a376p.
_ccm.
490 _v JL
650 _aJL
942 _hW:1942, M5
_cTEXL
_2CC
999 _c1088661
_d1088661